| 000 | 01261nam a2200253Ia 4500 | ||
|---|---|---|---|
| 003 | Ost | ||
| 005 | 20260507075354.0 | ||
| 008 | 260507s9999||||xx |||||||||||||| ||und|| | ||
| 020 | _a46103299579 | ||
| 040 | _cfsecg | ||
| 041 | _aara | ||
| 082 | _a330 | ||
| 100 |
_aالقطب، محي الدين _eمؤلف |
||
| 245 | 0 |
_aالخيار الإستراتيجي وأثره في تحقيق الميزة التنافسية / _c محي الدين القطب |
|
| 260 |
_aعمان: _bدار الحامد للنشر والتوزيع, _c2012 |
||
| 300 |
_a268 صفحة؛ _bإيضاحات ؛ _c24 سم |
||
| 504 | _aالمراجع ص.257 | ||
| 520 | _aالخيار الإستراتيجي- الأداء المالي- الميزة التنافسية- تحليل واقع الخيار الاستراتيجي، مؤشرات الأداء المالي والتكاليف الرئيسية للشركات- قياس أثر الخيار الاستراتيجي في مؤشرات الأداء المالي وفي عناصر ميزة الكلفة التنافسية- الإستنتاجات والتوصيات | ||
| 653 | _aإدارة الإنتاج | ||
| 653 | _aالإستراتيجية | ||
| 653 | _aالإقتصاد | ||
| 653 | _aالمنافسة | ||
| 942 | _cكتاب | ||
| 999 |
_c44189 _d44189 |
||